| 000 | 01100nam a22002897a 4500 | ||
|---|---|---|---|
| 999 |
_c28185 _d28156 |
||
| 003 | EG-ScBUE | ||
| 005 | 20200302135830.0 | ||
| 008 | 200219s2006 ua f b 000 0 ara d | ||
| 017 | _a2006 / 15821 | ||
| 020 | _a9770917133 | ||
| 040 |
_aEG-ScBUE _bara _erda _cEG-ScBUE _dEG-ScBUE |
||
| 043 | _af-ua--- | ||
| 082 | 0 | 4 |
_a342.6203 _bأ م ي _222 |
| 100 | 1 |
_aأمين، أحمد محمد، _eمؤلف. |
|
| 245 | 1 | 2 |
_aالدساتير ومشروعات الدساتير في مصر : _bدراسة في الإصلاح الدستوري والسياسي / _cد. أحمد محمد أمين. |
| 250 | _aالطبعة الأولى. | ||
| 264 | 1 |
_aالقاهرة : _bمكتبة الشروق الدولية، _c2006. |
|
| 300 |
_a376 صفحة ؛ _c24 سم |
||
| 336 |
_2rdacontent _aنص _btxt |
||
| 337 |
_2rdamedia _aبدون وسيط _bn |
||
| 338 |
_2rdacarrier _aمجلد _bnc |
||
| 504 | _aيشتمل على إرجاعات ببليوجرافية. | ||
| 541 | _aBook Fair, 2020 | ||
| 650 | 7 |
_aالإصلاح الدستوري _zمصر. _2BUEsh |
|
| 651 | 7 |
_aمصر _xالدستور. _2BUEsh |
|
| 942 | _2ddc | ||